Derecho Administrativo Europeo en el Tratado de Lisboa

Detalles Bibliográficos
Autor principal: Nieto Garrido, Eva
Otros Autores: Martn̕ Delgado, Isaac
Formato: eBook
Lenguaje:español
Publicado: Madrid: Marcial Pons, 2010
Materias:
Acceso en línea:Acceso restringido

MARC

LEADER 00000nam a22000007a 4500
005 20170214210259.0
007 cr|||| ||||
008 170214s2010 es |||||s|||| 00||0 spa d
020 |a 978-84-9123-146-2 
035 |a 14689 
040 |a vLex 
090 |c 6542  |d 6542 
100 1 |a Nieto Garrido, Eva 
245 1 0 |a Derecho Administrativo Europeo en el Tratado de Lisboa  |h [Recurso electrn̤ico] /  |c Eva Nieto Garrido, Isaac Martn̕ Delgado 
256 |a Servicio en ln̕ea 
260 |a Madrid:  |b Marcial Pons,  |c 2010 
300 |a 1 recurso electrn̤ico 
506 1 |a Disponible solo en los productos indicados  |d vLex Global  |d vLex Global (Academic Edition, excluding Law Schools)  |d vLex Global (U.S. Academic Edition, Law Schools)  |d vLex Global (U.S. Academic Edition, excluding Law Schools)  |d vLex Global (Academic Edition, Law Schools) 
650 0 4 |a Derecho Comunitario  |z Espaą 
700 1 |a Martn̕ Delgado, Isaac 
740 0 |a vLex Libros (Servicio en ln̕ea) 
856 4 0 |u http://vlex.com/source/derecho-administrativo-europeo-tratado-lisboa-14689  |z Acceso restringido 
942 |c BOOK 
999 0 |a Community Law